Jak zaujmout na veletrhu

Ako upútať pozornosť zákazníka na veľtrhu. Vhodne navrhnutá projekčná technika. Usporiadanie stánku prispôsobené marketingovým cieľom spoločnosti. Výber vhodného zobrazovacieho systému.

Salvato in:
Dettagli Bibliografici
Autore principale: Špitálník, Michal
Natura: Capitolo di libro
Lingua:ceco
Soggetti:
Tags: Aggiungi Tag
Nessun Tag, puoi essere il primo ad aggiungerne!!

MARC

LEADER 00000naa$a2200000$$$4500
001 0025509
005 20231018124638.3
041 0 |a cze 
044 |a CZ 
245 1 0 |a Jak zaujmout na veletrhu  |c Michal Špitálník 
520 |a Ako upútať pozornosť zákazníka na veľtrhu. Vhodne navrhnutá projekčná technika. Usporiadanie stánku prispôsobené marketingovým cieľom spoločnosti. Výber vhodného zobrazovacieho systému. 
610 2 0 |a veľtrhy 
610 2 0 |a výstavy 
610 2 0 |a firmy 
610 2 0 |a prezentácia firemná 
610 2 0 |a imidž 
610 2 0 |a marketing 
610 2 0 |a komunikácia 
610 2 0 |a zákazníci 
610 2 0 |a technológie komunikačné 
100 1 |a Špitálník, Michal